Musicians, festivals and popular piety: Figurines en terre cuite de l’Égypte ptolémaïque et romaine
محفوظ في:
المؤلف الرئيسي:
التنسيق: كتاب
منشور في:
Cairo :
Institut français d'archéologie orientale,
2025.
سلاسل:
BiEtud ;
191
الموضوعات:
الوسوم: إضافة وسم
لا توجد وسوم, كن أول من يضع وسما على هذه التسجيلة!
رقم الطلب: DT57 .C18 v.191
| LEADER | 00965nam a22002417a 4500 | ||
|---|---|---|---|
| 003 | OSt | ||
| 005 | 20260428125137.0 | ||
| 008 | 260428t2025||||ua ab |||||||||| ||Fre|| | ||
| 020 | |a 9782724710885 | ||
| 050 | 1 | 4 | |a DT57 |b .C18 v.191 |
| 100 | 0 | |a Corbier, Christophe. | |
| 245 | 1 | 0 | |a Musicians, festivals and popular piety: Figurines en terre cuite de l’Égypte ptolémaïque et romaine |c Christophe Vendries |
| 246 | 0 | |a Figurines en terre cuite de l'Égypte ptolémaïque et romaine | |
| 264 | 1 | |a Cairo : |b Institut français d'archéologie orientale, |c 2025. | |
| 300 | |a 505 pages : |b illustrations (chiefly color), color maps ; |c 29 cm. | ||
| 490 | |a BiEtud ; |v 191 | ||
| 500 | |a Includes bibliographical references (pages 347-412). | ||
| 650 | 4 | |a Decoration and ornament | |
| 650 | 4 | |a Decoration and ornament -- Egypt. | |
| 650 | 4 | |a Terra-cotta figurines, Hellenistic -- Egypt. | |
| 650 | 4 | |a Terra-cotta figurines, Roman -- Egypt. | |
| 942 | |2 lcc |c BK | ||
| 999 | |c 61899 |d 61899 | ||
